00690nam a2200205 a 450000100060000000300090000600800410001501500210005602000180007704000280009508200180012310000330014124501430017426000510031730000200036850000190038850400360040765000170044365000240046025250CO-ViMGA141112s2004 ck r 000 u spa d ack - 2011 - xxxx a9789586316620 aCO-ViMGAbspacCO-ViMGA04a362.8292 R64v1 aRojas González, Luz Marina10aViolencia intrafamiliar : babuso sexual / cLuz Marina Rojas González, María del Socorro Chalela Romano, Patricia Londoño Holguín aBogotá : bUniversidad Santo Tomás, c2011 a198 p. ; 24 cm. aIncluye anexos aBibliografía : p. [175] - 17914aAbuso sexual14aViolencia familiar